Sino ako? hulaan ang tunog / (Record no. 103302)
[ view plain ]
| 000 -LEADER | |
|---|---|
| fixed length control field | 00510nam a2200157 a 4500 |
| 005 - DATE AND TIME OF LATEST TRANSACTION | |
| control field | 20140412111259.0 |
| 008 - FIXED-LENGTH DATA ELEMENTS--GENERAL INFORMATION | |
| fixed length control field | 010131s19uu xx 00 eng d |
| 020 ## - INTERNATIONAL STANDARD BOOK NUMBER | |
| International Standard Book Number | 971-121-028-2 |
| 050 ## - LIBRARY OF CONGRESS CALL NUMBER | |
| Classification number | Fil 591.59 |
| Item number | A454 1983 |
| 100 ## - MAIN ENTRY--PERSONAL NAME | |
| Personal name | Alonzo, Robert |
| 245 ## - TITLE STATEMENT | |
| Title | Sino ako? hulaan ang tunog / |
| Statement of responsibility, etc | Robert Alonzo: illustrated by Albert E. Gamosm. |
| 260 ## - PUBLICATION, DISTRIBUTION, ETC. (IMPRINT) | |
| Place of publication, distribution, etc | Quezon City MM : |
| Name of publisher, distributor, etc | Akla adarna, |
| Date of publication, distribution, etc | 1980. |
| 300 ## - PHYSICAL DESCRIPTION | |
| Extent | 1 v. (unpaged) |
| 650 ## - SUBJECT ADDED ENTRY--TOPICAL TERM | |
| Topical term or geographic name as entry element | Animal communication |
| General subdivision | Ridles |
| -- | I. Gamos, Albert E.,ill. |
| Withdrawn status | Lost status | Damaged status | Home library | Current library | Shelving location | Date acquired | Source of acquisition | Total Checkouts | Full call number | Barcode | Date last seen | Price effective from | Koha item type |
|---|---|---|---|---|---|---|---|---|---|---|---|---|---|
| Elizalde Library | Elizalde Library | Filipiniana Section | 01/31/2001 | Fil 591.59 A454 1983 | E4407 | 04/12/2014 | 04/12/2014 | Books |